Ennemi des Films MARVEL - Statistiques

Statistiques générales
  • Ce quiz a été pris 213 fois
  • Le résultat moyen est 31 sur 112
Statistiques - réponses
Hint Réponse % Correct
X-men Magneto
78%
Avengers | Avengers Endgame | Avengers Infinity War | Les Gardiens de la Galaxie Thanos
77%
Spider-man | Spider-man No Way Home | The amazing Spider-man 2 Le Bouffon Vert
75%
Avengers | Thor Loki
73%
Avengers Age of Ultron Ultron
67%
Spider-man 3 Venom
67%
Spider-man No Way Home | The amazing Spider-man 2 Electro
65%
Venom let there be Carnage Carnage
63%
Captain America First Avengers Crane Rouge
63%
Spider-man In The Spider-Verse | Spider-man No Way Home Docteur Octopus
63%
Thor Ragnarok Hela
60%
Spider-man No Way Home | The amazing Spider-man Le Lézard
57%
Spider-man Homecoming Le Vautour
52%
Iron-man 3 et Shang-Chi Le Mandarin
51%
Ant-man Quantumania Kang
50%
Spider-man Far From Home Mysterio
50%
Les Gardiens de la Galaxie Ronan
49%
Les Gardiens de la Galaxie vol 2 Ego
48%
Black Panther Killmonger
48%
Spider-man 3 L'homme Sable
48%
Spider-man No Way Home L'Homme Sable
48%
X-men Mystique
46%
Captain America Winter Soldier Le Soldat de L'hiver
44%
X-men Apocalypse Apocalypse
43%
Docteur Strange In The Multivers Of Madness La Sorciere Rouge
43%
Docteur Strange Dormammu
41%
Les 4 Fantastiques et le Surfeur d'argent Galactus
41%
Daredevil | Spider-man In The Spider-Verse Le Caid
39%
The amazing Spider-man 2 Le Rhino
38%
Black Panther Wakanda Forever Namor
37%
Captain America Civil War Zemo
37%
Thor the Dark World Malekith
34%
Les 4 Fantastiques Docteur Fatalis
33%
Thor Love and Thunder Gorr
33%
Iron-man Iron Monger
32%
Iron-man 2 Whiplash
29%
X-men Dents de Sabre
28%
L'incroyable Hulk l'Abomination
28%
X-men Le Crapaud
28%
Captain America First Avengers Zola
27%
X-men l'affrontement final Le Fléau
25%
X-men Origins Wolverine Deadpool
24%
Thor Laufey
22%
Ant-man and the Wasp Le Fantome
22%
Les Gardiens de la Galaxie vol 3 Le Maitre de l'évolution
20%
Venom Riot
20%
Deadpool Ajax
18%
Spider-man Across The Spider-Verse La Tache
18%
Thor Ragnarok Le Grand Maitre
18%
Ant-man Quantumania MODOK
18%
Spider-man Across The Spider-Verse Spider-man 2099
18%
Spider-man In The Spider-Verse Le Scorpion
16%
Black Widow Le Taskmaster
16%
X-men 2 Stricker
16%
Captain America Winter Soldier Pierce
15%
Iron-man 2 Hammer
14%
X-men Apocalypse Tornade
14%
Black Panther Klaw
13%
X-men Apocalypse Psylocke
13%
X-men l'affrontement final Dark Phoenix
12%
X-men Days of Future Past Les Sentinelles
12%
The Wolverine Le Samourai d'Argent
11%
Black Widow Ross
10%
Spider-man Homecoming Le Schoker
9%
Captain Marvel Yon-Rogg
8%
Avengers Infinity War Maw
7%
Spider-man In The Spider-Verse Tombstone
7%
The Wolverine Vipere
7%
Black Panther Wakanda Forever Attuma
6%
X-men le Commencement Azazel
6%
Thor the Dark World Kurse
6%
X-men le Commencement Shaw
6%
X-men Days of Future Past Trask
6%
X-men Apocalypse Archangel
5%
Kraven Kraven
5%
Avengers L'autre
5%
Avengers Secret Wars Le Beyonder
5%
Les Eternels Les Celestes
5%
Les Eternels Les Déviants
5%
Avengers Infinity War Midnight
5%
Black Panther Wakanda Forever Namora
5%
Venom let there be Carnage Shriek
5%
Les Gardiens de la Galaxie vol 3 Warlock
5%
Logan X-24
5%
Docteur Strange In The Multivers Of Madness Baron Mordo
4%
Morbius Morbius
4%
Thor Ragnarok Fenris
3%
Avengers Infinity War Glaive
3%
Ant-man Le Pourpoint Jaune
3%
Spider-man Far From Home Les Elementaires
3%
Captain Marvel L'intelligence Supreme
3%
Daredevil Bulseye
2%
Deadpool 2 Russel
2%
Spider-man 2 Docteur Octupus
1%
Avengers Infinity War Dwarf
1%
Iron-man 3 Kyllian
1%
Thor Ragnarok L'executeur
1%
X-men l'affrontement final L'homme Multiple
1%
Docteur Strange Kaesius
0%
X-men 2 Lady Dystrake
0%
Spider-man In The Spider-Verse Le Maraudeur
0%
Docteur Strange In The Multivers Of Madness Les Iluminatis
0%
Aucun quiz correspondant
Distribution des résultats
% des personnes avec chaque résultat
Percentile par nombre de réponses
Votre historique - résultats
Vous n’avez pas pris ce quiz